The universe of light / (Record no. 183977)
[ view plain ]
| 000 -LEADER | |
|---|---|
| fixed length control field | 00775 a2200169 4500 |
| 003 - CONTROL NUMBER IDENTIFIER | |
| control field | Nust |
| 005 - DATE AND TIME OF LATEST TRANSACTION | |
| control field | 20221201104553.0 |
| 040 ## - CATALOGING SOURCE | |
| Transcribing agency | Nust |
| 082 ## - DEWEY DECIMAL CLASSIFICATION NUMBER | |
| Classification number | 535,BRA |
| 100 ## - MAIN ENTRY--PERSONAL NAME | |
| Personal name | Bragg, William Henry, Sir, |
| 9 (RLIN) | 103870 |
| 245 ## - TITLE STATEMENT | |
| Title | The universe of light / |
| Statement of responsibility, etc. | Sir William Bragg ... |
| 260 ## - PUBLICATION, DISTRIBUTION, ETC. | |
| Place of publication, distribution, etc. | London, |
| Name of publisher, distributor, etc. | G. Bell & Sons ltd |
| Date of publication, distribution, etc. | ., 1933. |
| 300 ## - PHYSICAL DESCRIPTION | |
| Extent | x p., 1 l., 283 p. |
| Other physical details | col. front., illus., plates |
| Dimensions | (1 col.) diagrs. 23 cm. |
| 505 ## - FORMATTED CONTENTS NOTE | |
| Formatted contents note | The Nature of Light (Page-1), The eye and Vision (Page-38), Colour (Page-85), The Origins of Colour (Page-111), The Colour of The Sky (Page-146), The Polarisation of Light (Page-164), Light from the Sun and Stars (Page-199), The Rontgen Rays (Page-228), The Wave and the Coruscle (Page-254). |
| 650 ## - SUBJECT ADDED ENTRY--TOPICAL TERM | |
| Topical term or geographic name entry element | Physics |
| 942 ## - ADDED ENTRY ELEMENTS (KOHA) | |
| Source of classification or shelving scheme | |
| Koha item type | Book |
| Call number prefix | 535,BRA |
| Withdrawn status | Lost status | Source of classification or shelving scheme | Damaged status | Not for loan | Permanent Location | Current Location | Shelving location | Date acquired | Full call number | Barcode | Date last seen | Price effective from | Koha item type | Public note |
|---|---|---|---|---|---|---|---|---|---|---|---|---|---|---|
| Military College of Signals (MCS) | Military College of Signals (MCS) | General Stacks | 12/12/2016 | 535,BRA | MCS29750 | 12/08/2016 | 12/12/2016 | Book | Almirah No.16, Shelf No.3 |
